Cryptogram 2 - Airplane Parts Quiz Stats

 Plays Quiz not verified by Sporcle

Support Sporcle.
Go Orange.
Score 0/12 Timer 05:00
0 Plays Today
CLUE ANSWER % Correct
HGXNWING
95.9%
TXNGXTENGINE
75.4%
OJXEGXN NTJKLANDING GEAR
60.7%
COJWFLAP
59%
TOTZJAFKELEVATOR
55.7%
JGOTKFXAILERON
54.9%
IFIMWGACOCKPIT
51.6%
WKFWTOOTKPROPELLER
46.7%
IJXJKECANARD
42.6%
CLSTOJNTFUSELAGE
41.8%
ZTKAGIJO SAJVGOGYTKVERTICAL STABILIZER
36.9%
DFKGYFXAJO SAJVGOGYTKHORIZONTAL STABILIZER
32.8%

You're not logged in!

Compare scores with friends on all Sporcle quizzes.
OR
Log In

From the Vault

Mini Paint-By-Numbers XV

by sproutcm

While painting, it usually helps to picture the voice of Bob Ross in your mind.
Remove Ads.
Support Sporcle.
Get the best of Sporcle when you Go Orange. This ad-free experience offers more features, more stats, and more fun while also helping to support Sporcle. Thank you for becoming a member.

Show Comments

Extras

Created Feb 15, 2011ReportNominate
Tags:airplane, Cryptogram

Top Quizzes Today


Score Distribution

Your Account Isn't Verified!

In order to create a playlist on Sporcle, you need to verify the email address you used during registration. Go to your Sporcle Settings to finish the process.

Report this User

Report this user for behavior that violates our Community Guidelines.

Details: